000 00757nam a22002057a 4500
005 20100730103125.0
010 _aENG-97439
020 _a9788184840186
_c950.00
035 _aEN-80972
037 _bDBAD/PUB
082 _a658.3124
100 _aKapoor, D.R.
_93697
245 _aDynamics of learning organistions /
_cby D. R. Kapoor ; foreword by Arun k. Gupta
260 _aNew Delhi
_bRegal Publications
_c2009
270 _af-159,Rajouri Garden,
_bNew Delhi
_e110 027
300 _axvii, 272 p.
_c23 cm (Hb)
500 _aIncludes index
942 _2ddc
_cEN
_h658.3124
_mKAP
999 _c38194
_d38194